Desire, I Want To Turn Into You - Caroline Polachek - Statistics

General Stats
  • This quiz has been taken 42 times
    13 since last reset
  • The average score is 18 of 20
Answer Stats
Answer % Correct
Billions
100%
Blood and Butter
100%
Bunny is a Rider
100%
Butterfly Net
100%
Fly to You (feat. Grimes & Dido)
100%
Hopedrunk Everasking
100%
I Believe
100%
I Believe (Acoustic Version)
100%
Pretty in Possible
100%
Smoke
100%
Sunset
100%
Welcome to My Island
100%
Coma
89%
Crude Drawing of an Angel
89%
Dang
89%
Butterfly Net (feat. Weyes Blood)
78%
Long Road Home (feat. Oneohtrix Point Never)
78%
Gambler's Prayer
67%
Meanwhile
67%
Spring Is Coming With a Strawberry in the Mouth
67%
No matching quizzes found
Score Distribution
Percent of People with Each Score
Percentile by Number Answered
Your Score History
You have not taken this quiz since the last reset